|
|
|
|
| LEADER |
01206nam a2200253 a 4500 |
| 001 |
GR-MES10827 |
| 003 |
GR-PaULI |
| 005 |
20230314134853.0 |
| 008 |
060928s2003 gr 000 0 gre d |
| 952 |
|
|
|0 0
|1 0
|2 ddc
|4 0
|6 515_352000000000000_DEV
|7 0
|9 270110
|a MSLG
|b MSLG
|c BSC
|d 2021-01-17
|e 24
|f 0
|g 0.00
|l 0
|o 515.352 DEV
|p 2420000020704
|r 2021-01-17 00:00:00
|t 1
|w 2021-01-17
|y BK15
|x 20060928 0 1
|x GrPaTEI
|
| 952 |
|
|
|0 0
|1 0
|2 ddc
|4 0
|6 515_352000000000000_DEV
|7 0
|9 270111
|a MSLG
|b MSLG
|c BSC
|d 2021-01-17
|e 24
|f 0
|g 0.00
|l 0
|o 515.352 DEV
|p 2420000020705
|r 2021-01-17 00:00:00
|t 1
|w 2021-01-17
|y BK15
|x 20060928 0 ΔΕΝ ΔΑΝΕΙΖΕΤΑΙ 1
|x GrPaTEI
|
| 999 |
|
|
|c 155965
|d 155965
|
| 020 |
|
|
|a 0813340853
|
| 040 |
|
|
|a GrPaTEI
|b gre
|c GR-PaULI
|e AACR2
|
| 082 |
0 |
4 |
|2 23
|a 003.857
|
| 100 |
1 |
|
|a Devaney, Robert L.,
|9 40771
|d 1948-
|e συγγραφέας.
|
| 245 |
1 |
3 |
|a An introduction to chaotic dynamical systems /
|c Robert Devaney.
|
| 250 |
|
|
|a 2rd ed.
|
| 260 |
|
|
|a Cambridge :
|b Westview press,
|c c2003.
|
| 300 |
|
|
|a xv , 334σ. :
|b εικ. ;
|c 24 εκ.
|
| 500 |
|
|
|a Περιλαμβάνει ευρετήριο.
|
| 650 |
|
4 |
|a Χαοτική συμπεριφορά συστημάτων
|9 2083
|
| 942 |
|
|
|2 ddc
|c BK
|
| 998 |
|
|
|c ΜΠΟΥΡΑΣ
|d 2023-03
|